000 00812nam a2200229Ia 4500
003 GCL
005 20240530101811.0
008 140319s9999 xx 000 0 ara d
040 _aGCL /
_cGCL
082 0 4 _a364.142
_bل م
100 1 _aلورى ، بيتر
245 1 0 _aالمخدرات: حقائق اجتماعية ونفسية وطبية /
_cتاليف بيتر لورى ؛ ترجمة نورالدين خليل
260 _a[S.N] :
_bالهيئة المصرية العامة للكتاب ،
_c1991
300 _a285 ص
490 _aالالف كتاب الثانى
_v0
650 0 4 _aالمخدرات والشباب
650 0 4 _aالخدمة الاجتماعية
650 0 4 _aالمخدرات
650 0 4 _aالاجتماع
650 0 4 _aالمخدرات والجريمة
942 _2ddc
_cBK
999 _c27795
_d27795